[Event "III Open Costa Viola B"]
[Site "Sant'Eufemia d'Aspromonte ITA"]
[Date "2010.01.05"]
[Round "7"]
[White "Gallo, Carlo"]
[Black "Vallone, Rosario"]
[Result "0-1"]
[WhiteElo "1619"]
[BlackElo "1551"]
[PlyCount "67"]
[EventDate "2010.01.02"]

1. c4 e5 2. Nc3 d6 3. g3 Nc6 4. Bg2 Bd7 5. d3 f5 6. e3 Nf6 7. Nge2 Be7 8. O-O
O-O 9. a3 Qc8 10. d4 e4 11. b4 Nd8 12. Bb2 Nf7 13. Nf4 c6 14. d5 c5 15. b5 g5
16. Nfe2 Qe8 17. f3 exf3 18. Bxf3 Ne5 19. e4 Nxc4 20. Bc1 Qg6 21. Kh1 fxe4 22.
Bg2 Rae8 23. Ng1 Bd8 24. Bh3 g4 25. Bg2 Ba5 26. Nce2 Nh5 27. Nf4 Nxf4 28. Bxf4
Ne5 29. Bxe5 Rxe5 30. Ne2 Rxf1+ 31. Qxf1 Bxb5 32. Nf4 Bxf1 33. Nxg6 Bxg2+ 34.
Kxg2 0-1

[Event "III Open Costa Viola B"]
[Site "Sant'Eufemia d'Aspromonte ITA"]
[Date "2010.01.05"]
[Round "7"]
[White "Ielapi, Vito"]
[Black "Gregori, Giacomo"]
[Result "1-0"]
[WhiteElo "1830"]
[BlackElo "1794"]
[PlyCount "113"]
[EventDate "2010.01.02"]

1. d4 d5 2. Nf3 Nf6 3. e3 e6 4. Bd3 c5 5. c3 Nc6 6. Nbd2 Bd6 7. O-O O-O 8. dxc5
Bxc5 9. e4 e5 10. Qe2 Bg4 11. exd5 Bxf3 12. Qxf3 Qxd5 13. Ne4 Nxe4 14. Bxe4 Qd6
15. b4 Bb6 16. Rd1 Qc7 17. a4 a6 18. Qf5 g6 19. Qf6 Qe7 20. Qxe7 Nxe7 21. Bxb7
Ra7 22. Bf3 Rd8 23. Be3 Rxd1+ 24. Rxd1 Bxe3 25. fxe3 Kg7 26. c4 Rc7 27. Rc1 Kf8
28. c5 Nc8 29. b5 axb5 30. axb5 Ke7 31. Bc6 Na7 32. b6 Nxc6 33. bxc7 Kd7 34.
Kf2 Kxc7 35. Ke2 Nb4 36. Ra1 Nc6 37. Kd3 f5 38. Ra8 e4+ 39. Kd2 Nd8 40. Kc3 Ne6
41. Ra7+ Kc6 42. Re7 Nxc5 43. Rxh7 Nd7 44. Rg7 Ne5 45. h3 Kd6 46. Rg8 Ke6 47.
Kd4 Nc6+ 48. Kc5 Ne7 49. Ra8 g5 50. Ra6+ Ke5 51. Kc4 Nc8 52. Ra5+ Kf6 53. Kd4
Ne7 54. Ra6+ Kf7 55. g4 fxg4 56. hxg4 Ng8 57. Kxe4 1-0

[Event "III Open Costa Viola B"]
[Site "Sant'Eufemia d'Aspromonte ITA"]
[Date "2010.01.05"]
[Round "7"]
[White "Minucci, Veronica"]
[Black "Battaglia, Domenica"]
[Result "1-0"]
[WhiteElo "1389"]
[BlackElo "1557"]
[PlyCount "91"]
[EventDate "2010.01.02"]

1. e4 e5 2. Nf3 Nc6 3. Nc3 Nf6 4. d3 h6 5. Be2 Bc5 6. Be3 Bb6 7. O-O Ng4 8. Nd5
d6 9. Nxb6 axb6 10. h3 Nf6 11. c4 Bd7 12. a3 Ne7 13. b3 c5 14. Bd2 O-O 15. Nh4
Ng6 16. Nxg6 fxg6 17. Bg4 Nxg4 18. hxg4 b5 19. f4 bxc4 20. dxc4 Qh4 21. f5 gxf5
22. exf5 Bc6 23. Be1 Qe7 24. Qd2 Qf6 25. Bf2 b6 26. Be3 g5 27. b4 Rfd8 28. b5
Bb7 29. a4 d5 30. cxd5 Rxd5 31. Qa2 Kh7 32. Rfe1 Qd6 33. Qf2 Rf8 34. Ra3 Rd1
35. Ra1 Rxe1+ 36. Rxe1 Ra8 37. Qc2 e4 38. Rd1 Qe7 39. Qf2 Rxa4 40. f6 Qf7 41.
Qf5+ Qg6 42. Qd7+ Kh8 43. Qxb7 Qxf6 44. Qc8+ Kg7 45. Rd7+ Kg6 46. Qe8+ 1-0

[Event "III Open Costa Viola B"]
[Site "Sant'Eufemia d'Aspromonte ITA"]
[Date "2010.01.05"]
[Round "7"]
[White "Palermiti, Francesco"]
[Black "Pirrotta, Domenico"]
[Result "1-0"]
[WhiteElo "1470"]
[BlackElo "1323"]
[PlyCount "61"]
[EventDate "2010.01.02"]

1. d4 Nf6 2. Nf3 e6 3. Bg5 d5 4. Nbd2 Bd6 5. e3 a6 6. c4 Bb4 7. a3 Bxd2+ 8.
Nxd2 h6 9. Bf4 Nc6 10. Bd3 O-O 11. b4 Re8 12. Nf3 dxc4 13. Bxc4 Nd5 14. O-O
Nxf4 15. exf4 b5 16. Ba2 a5 17. Rc1 Qd6 18. bxa5 Bb7 19. Qd3 Rxa5 20. Rc5 Na7
21. Ne5 Re7 22. Bb1 f5 23. Rd1 Be4 24. Qe3 Bxb1 25. Rxb1 Qa6 26. Rb3 b4 27.
Rxa5 Qxa5 28. Rxb4 Nb5 29. Nc6 Qxb4 30. axb4 Rd7 31. Qxe6+ 1-0

[Event "III Open Costa Viola B"]
[Site "Sant'Eufemia d'Aspromonte ITA"]
[Date "2010.01.05"]
[Round "7"]
[White "Paragliola, Gennaro"]
[Black "Russo, Carmelo"]
[Result "0-1"]
[WhiteElo "1605"]
[BlackElo "1731"]
[PlyCount "66"]
[EventDate "2010.01.02"]

1. d4 Nf6 2. c4 g6 3. Nc3 d5 4. cxd5 Nxd5 5. e4 Nxc3 6. bxc3 Bg7 7. Nf3 O-O 8.
c4 Bg4 9. e5 Bxf3 10. gxf3 c5 11. Bb2 Nc6 12. dxc5 Qa5+ 13. Qd2 Qxc5 14. f4
Rfd8 15. Qe3 Qxe3+ 16. fxe3 Nb4 17. Ke2 Rac8 18. Kf3 Rd2 19. Bc3 Rxa2 20. Rb1
Nc6 21. Rxb7 e6 22. Bd4 a5 23. c5 Bf8 24. Bb5 Nb8 25. Rc1 Nc6 26. Rb6 Nxd4+ 27.
exd4 Rxh2 28. c6 Ba3 29. c7 Rb2 30. Rb8 Rb3+ 31. Ke4 Bxc1 32. Rxc8+ Kg7 33. Rb8
Re3# 0-1

[Event "III Open Costa Viola B"]
[Site "Sant'Eufemia d'Aspromonte ITA"]
[Date "2010.01.05"]
[Round "7"]
[White "Quattrone, Andrea"]
[Black "Vacchiano, Salvatore"]
[Result "0-1"]
[WhiteElo "1440"]
[BlackElo "1581"]
[PlyCount "56"]
[EventDate "2010.01.02"]

1. d4 Nf6 2. c4 e5 3. dxe5 Ng4 4. e4 Nxe5 5. Nc3 Bc5 6. Nf3 Nbc6 7. Be2 d6 8.
O-O O-O 9. a3 a6 10. b4 Ba7 11. Bb2 Be6 12. Nd5 Nxf3+ 13. Bxf3 Ne5 14. Rc1 c6
15. Bxe5 dxe5 16. Ne3 Bd4 17. Ng4 Qc7 18. Qc2 f5 19. exf5 Bxf5 20. Qe2 e4 21.
Bxe4 Rae8 22. Nf6+ Rxf6 23. Bd5+ Kf8 24. Qh5 cxd5 25. Rfe1 Rxe1+ 26. Rxe1 Be4
27. Qe2 Bxf2+ 28. Kf1 Bd4+ 0-1

[Event "III Open Costa Viola B"]
[Site "Sant'Eufemia d'Aspromonte ITA"]
[Date "2010.01.05"]
[Round "7"]
[White "Rametta, Marcello"]
[Black "Pelyushenko, Vladyslav"]
[Result "0-1"]
[WhiteElo "1732"]
[BlackElo "1792"]
[PlyCount "60"]
[EventDate "2010.01.02"]

1. e4 d6 2. d4 Nf6 3. Bd3 g6 4. Nf3 Bg7 5. c3 O-O 6. h3 c6 7. e5 Ne8 8. exd6
Nxd6 9. Bg5 f6 10. Bh4 Qe8 11. Qb3+ Kh8 12. Nbd2 e5 13. dxe5 fxe5 14. Ne4 Nf5
15. O-O-O Nxh4 16. Nxh4 Qe7 17. Nf3 Be6 18. Bc4 Bf5 19. Bd3 Na6 20. Qc4 Nc7 21.
Qc5 Qxc5 22. Nxc5 Bxd3 23. Rxd3 b6 24. Ne4 Nd5 25. Kb1 Nf4 26. Rd7 Nxg2 27.
Nfg5 Nf4 28. Rhd1 h6 29. Rxg7 Kxg7 30. Ne6+ Nxe6 0-1

[Event "III Open Costa Viola B"]
[Site "Sant'Eufemia d'Aspromonte ITA"]
[Date "2010.01.05"]
[Round "7"]
[White "Sgro', Valerio"]
[Black "Daniac, Federico"]
[Result "1-0"]
[WhiteElo "1422"]
[BlackElo "1578"]
[PlyCount "113"]
[EventDate "2010.01.02"]

1. e4 c5 2. Nf3 d6 3. Nc3 Nc6 4. Bc4 e6 5. O-O Nf6 6. Re1 Be7 7. d3 O-O 8. Bf4
a6 9. a4 d5 10. exd5 exd5 11. Bb3 d4 12. Ne4 Bf5 13. Ng3 Bg6 14. Nh4 Kh8 15.
Nxg6+ fxg6 16. Ne4 Nxe4 17. Rxe4 Bd6 18. Qd2 Rf5 19. Rae1 Bxf4 20. Rxf4 Qg5 21.
Rfe4 Raf8 22. Qxg5 Rxg5 23. Re8 Rgf5 24. f3 h6 25. Kf2 Kh7 26. Rxf8 Rxf8 27.
Bd5 Rf6 28. Re8 b6 29. Bg8+ Kh8 30. Bc4+ Kh7 31. Bxa6 Nb4 32. Bc4 Nxc2 33. Bg8+
Kh8 34. Bb3+ Kh7 35. Bxc2 h5 36. Bb3 Kh6 37. Re7 g5 38. Re6 Kg6 39. Bd5 Kf5 40.
Rxf6+ gxf6 41. Be4+ Ke5 42. h3 f5 43. Bb7 h4 44. b3 f4 45. Bc8 Kd6 46. Bb7 Kc7
47. Be4 Kb8 48. Ke2 Ka7 49. Kd2 Ka6 50. Bc6 Ka5 51. Kc2 Kb4 52. Kb2 Ka5 53. Ka3
Ka6 54. b4 Ka7 55. bxc5 bxc5 56. Kb3 Kb6 57. Kc4 1-0

[Event "III Open Costa Viola B"]
[Site "Sant'Eufemia d'Aspromonte ITA"]
[Date "2010.01.05"]
[Round "7"]
[White "Valotta, Massimiliano"]
[Black "Carlomagno, Vincenzo"]
[Result "1/2-1/2"]
[WhiteElo "1870"]
[BlackElo "1854"]
[PlyCount "51"]
[EventDate "2010.01.02"]

1. d4 Nf6 2. c4 e6 3. Nf3 b6 4. e3 Bb7 5. Be2 Bb4+ 6. Bd2 Be7 7. Bc3 O-O 8.
Nbd2 c5 9. O-O d6 10. Qc2 Nbd7 11. Rad1 Rc8 12. b3 Qc7 13. e4 cxd4 14. Nxd4 Ne5
15. Bf3 a6 16. Ne2 Ned7 17. Qb2 Ne5 18. Bxe5 dxe5 19. Ng3 Rfd8 20. Nb1 Bc5 21.
Qe2 Bd4 22. Na3 g6 23. Nc2 Bc5 24. Rxd8+ Rxd8 25. Rd1 Rxd1+ 26. Qxd1 1/2-1/2

[Event "III Open Costa Viola B"]
[Site "Sant'Eufemia d'Aspromonte ITA"]
[Date "2010.01.05"]
[Round "7"]
[White "Vazzana, Antonio"]
[Black "Rizzuti, Pasquale"]
[Result "0-1"]
[WhiteElo "1449"]
[BlackElo "1821"]
[PlyCount "54"]
[EventDate "2010.01.02"]

1. c4 c5 2. Nc3 Nc6 3. Nf3 Nf6 4. d4 cxd4 5. Nxd4 d6 6. e4 Qa5 7. Nxc6 bxc6 8.
Bd3 g6 9. Bd2 Qc7 10. Qc1 h5 11. O-O Bg7 12. f4 Ng4 13. Rb1 Qb6+ 14. Kh1 Nf2+
15. Rxf2 Qxf2 16. Be3 Qh4 17. b4 O-O 18. b5 c5 19. a4 Bb7 20. a5 a6 21. b6 e6
22. Qd2 Qe7 23. Nb5 Rfc8 24. Nc3 Rd8 25. f5 Bxc3 26. Qxc3 exf5 27. Bg5 Qxg5 0-1

[Event "III Open Costa Viola B"]
[Site "Sant'Eufemia d'Aspromonte ITA"]
[Date "2010.01.05"]
[Round "7"]
[White "Violi, Vincenzo"]
[Black "Arcidiaco, Francesco"]
[Result "1/2-1/2"]
[WhiteElo "1605"]
[BlackElo "1608"]
[PlyCount "69"]
[EventDate "2010.01.02"]

1. e4 d6 2. d4 Nf6 3. Nc3 g6 4. Bg5 Bg7 5. Qd2 h6 6. Bh4 g5 7. Bg3 Nh5 8. Nge2
Nxg3 9. Nxg3 Nc6 10. d5 Ne5 11. Nh5 Bf8 12. Be2 Bg4 13. h4 Bxe2 14. Qxe2 gxh4
15. Rxh4 Ng6 16. Qb5+ Qd7 17. Qxb7 Rc8 18. Rh3 c6 19. Qa6 f6 20. Rf3 Kf7 21.
Qe2 Ne5 22. Rg3 c5 23. f4 Ng6 24. f5 Ne5 25. Nf4 h5 26. Nxh5 Bh6 27. Rh3 Qb7
28. Rb1 Qb4 29. a3 Qd4 30. Rd1 Qg1+ 31. Qf1 Qxf1+ 32. Kxf1 Nc4 33. Na4 Ne3+ 34.
Ke2 Nxd1 35. Kxd1 1/2-1/2

[Event "III Open Costa Viola B"]
[Site "Sant'Eufemia d'Aspromonte ITA"]
[Date "2010.01.05"]
[Round "7"]
[White "Zampaglione, Davide"]
[Black "Donzella, Emanuele"]
[Result "1-0"]
[WhiteElo "1644"]
[BlackElo "1646"]
[PlyCount "99"]
[EventDate "2010.01.02"]

1. d4 f5 2. Nf3 e6 3. e3 Nf6 4. Bd3 c5 5. Nbd2 cxd4 6. exd4 Nc6 7. c3 d5 8. Qe2
Be7 9. Bb5 O-O 10. O-O Bd6 11. Ne5 Ng4 12. f4 Ncxe5 13. fxe5 Be7 14. Nf3 Bd7
15. Bxd7 Qxd7 16. h3 Nh6 17. Bxh6 gxh6 18. Nh2 Qe8 19. Rf3 Kh8 20. Kh1 Rg8 21.
Rg1 Qh5 22. Rf2 Qxe2 23. Rxe2 Rg3 24. Rf2 Rc8 25. Rf3 Rgg8 26. g4 Rcf8 27. gxf5
Rxg1+ 28. Kxg1 Rxf5 29. Rxf5 exf5 30. Nf3 Bg5 31. Nxg5 hxg5 32. a4 Kg7 33. b3
Kf7 34. c4 dxc4 35. bxc4 Ke6 36. Kg2 h6 37. c5 a5 38. Kg3 h5 39. Kf3 Kd5 40.
Kg3 f4+ 41. Kf3 h4 42. Kf2 Ke6 43. Ke2 Kd5 44. Kf3 Ke6 45. Ke4 g4 46. d5+ Ke7
47. hxg4 h3 48. Kf3 h2 49. Kg2 f3+ 50. Kxh2 1-0

[Event "Torneo Scheveningen"]
[Site "Torino ITA"]
[Date "2010.01.03"]
[Round "1"]
[White "Castaldo, Folco"]
[Black "Vuelban, Virgilio"]
[Result "1/2-1/2"]
[WhiteElo "2401"]
[BlackElo "2353"]
[PlyCount "46"]
[EventDate "2010.01.03"]

1. e4 c5 2. Nc3 Nc6 3. g3 Nf6 4. Bg2 d6 5. d3 g6 6. f4 Bg7 7. Nf3 O-O 8. O-O
Rb8 9. h3 b5 10. a3 a6 11. Be3 Nd7 12. Rb1 Bb7 13. g4 Nd4 14. Ne2 Nxe2+ 15.
Qxe2 d5 16. e5 e6 17. d4 Qc7 18. c3 f6 19. exf6 Bxf6 20. Rf2 Rbe8 21. Rbf1 cxd4
22. Bxd4 Bxd4 23. Nxd4 Qd6 1/2-1/2

[Event "Torneo Scheveningen"]
[Site "Torino ITA"]
[Date "2010.01.03"]
[Round "1"]
[White "Gallucci, Alessio"]
[Black "Voiska, Margarita"]
[Result "0-1"]
[WhiteElo "2161"]
[BlackElo "2325"]
[PlyCount "72"]
[EventDate "2010.01.03"]

1. e4 c5 2. Nf3 Nc6 3. d4 cxd4 4. Nxd4 e5 5. Nb5 d6 6. N1c3 a6 7. Na3 Be7 8. g3
Nf6 9. Bg2 Bg4 10. f3 Be6 11. Bg5 Qb6 12. Qc1 Nd4 13. Be3 d5 14. O-O dxe4 15.
Kh1 exf3 16. Bxf3 Rc8 17. Ne2 Nxe2 18. Bxb6 Nxc1 19. Rfxc1 Bd5 20. Bxd5 Nxd5
21. Ba5 Bxa3 22. bxa3 Ne3 23. Rab1 Nc4 24. Bc3 b5 25. a4 bxa4 26. Rb4 O-O 27.
Rxa4 Rc6 28. Rb4 Rd8 29. Rcb1 f6 30. Rb8 Rcc8 31. R8b7 Na3 32. Ba5 Rd5 33. R1b3
Rxa5 34. Rd3 e4 35. Rdd7 Rg5 36. c4 Nxc4 0-1

[Event "Torneo Scheveningen"]
[Site "Torino ITA"]
[Date "2010.01.03"]
[Round "1"]
[White "Molina, Fabrizio"]
[Black "Mrdja, Milan"]
[Result "1/2-1/2"]
[WhiteElo "2228"]
[BlackElo "2392"]
[PlyCount "107"]
[EventDate "2010.01.03"]

1. Nf3 d5 2. d4 Nc6 3. g3 Bg4 4. Bg2 Qd7 5. Nbd2 f6 6. Nb3 e5 7. dxe5 fxe5 8.
c3 Nf6 9. Be3 O-O-O 10. h3 Bf5 11. Nc5 Bxc5 12. Bxc5 b6 13. Ba3 h6 14. Qa4 Kb8
15. Rd1 Rhe8 16. O-O e4 17. Nh2 e3 18. fxe3 Be4 19. Nf3 Kb7 20. b3 a6 21. c4
Qe6 22. Bc1 Rd7 23. Kh2 Red8 24. cxd5 Rxd5 25. Rxd5 Rxd5 26. Qc4 b5 27. Qc3 Qd6
28. Nd4 Rg5 29. Rf4 Bxg2 30. Kxg2 Rxg3+ 31. Kh2 Rg5 32. Qxc6+ Qxc6 33. Nxc6
Kxc6 34. Bb2 Rg6 35. e4 Kd7 36. a4 Ke6 37. axb5 axb5 38. Rf5 Rg5 39. Rxg5 hxg5
40. Kg2 Nxe4 41. Bxg7 c5 42. Kf3 Nd2+ 43. Kg4 Nxb3 44. Kxg5 Nd4 45. e3 Nf5 46.
Bf8 c4 47. Kf4 c3 48. Ke4 c2 49. Ba3 b4 50. Bc1 b3 51. Kd3 Ng3 52. Kc3 Ne2+ 53.
Kxb3 Nxc1+ 54. Kxc2 1/2-1/2

[Event "Torneo Scheveningen"]
[Site "Torino ITA"]
[Date "2010.01.03"]
[Round "1"]
[White "Pulito, Alberto"]
[Black "Ljubisavljevic, Zivojin Z."]
[Result "1/2-1/2"]
[WhiteElo "2283"]
[BlackElo "2296"]
[PlyCount "127"]
[EventDate "2010.01.03"]

1. e4 Nf6 2. Nc3 d5 3. exd5 Nxd5 4. d4 Bf5 5. Bc4 e6 6. Nge2 Be7 7. Ng3 Bg6 8.
O-O O-O 9. f4 Nb6 10. Bb3 c5 11. f5 exf5 12. dxc5 Bxc5+ 13. Kh1 Qxd1 14. Nxd1
Nc6 15. Be3 Bxe3 16. Nxe3 Nd4 17. Nexf5 Nxb3 18. Ne7+ Kh8 19. Nxg6+ hxg6 20.
axb3 a6 21. Rae1 f6 22. Re7 Rab8 23. Rfe1 Nd5 24. Rd7 Rfd8 25. Rxd8+ Rxd8 26.
Rd1 Re8 27. Kg1 Nf4 28. Kf2 Re7 29. h4 Nh5 30. Ne2 f5 31. Rd8+ Kh7 32. Kf3 g5
33. hxg5 Kg6 34. Nf4+ Kxg5 35. Nd5 Re1 36. Rd7 Rd1 37. Nb6 Rf1+ 38. Ke2 Ng3+
39. Kd3 g6 40. Rxb7 Rd1+ 41. Kc3 Rg1 42. Kb4 Rxg2 43. c4 f4 44. c5 f3 45. c6 f2
46. c7 f1=Q 47. c8=Q Rxb2 48. Qd8+ Qf6 49. Qxf6+ Kxf6 50. Nd5+ Ke5 51. Rg7 Kxd5
52. Rxg6 Ne4 53. Rxa6 Nc5 54. Ra3 Kd4 55. Kb5 Nxb3 56. Kc6 Rc2+ 57. Kd6 Nc5 58.
Ra1 Ne4+ 59. Kd7 Kd5 60. Rd1+ Ke5 61. Re1 Rh2 62. Kc6 Rh6+ 63. Kb5 Rd6 64. Rh1
1/2-1/2

[Event "Torneo Scheveningen"]
[Site "Torino ITA"]
[Date "2010.01.04"]
[Round "2"]
[White "Ljubisavljevic, Zivojin Z."]
[Black "Pepino, Enrico"]
[Result "1/2-1/2"]
[WhiteElo "2296"]
[BlackElo "2167"]
[PlyCount "78"]
[EventDate "2010.01.03"]

1. e4 d6 2. d4 Nf6 3. Nc3 g6 4. f4 Bg7 5. Nf3 O-O 6. e5 Nfd7 7. Ne4 c5 8. c3
cxd4 9. cxd4 dxe5 10. fxe5 Nb6 11. h3 Nc6 12. Be2 Bf5 13. Ng3 Be6 14. O-O Qd5
15. b3 Nxd4 16. Qxd4 Qxd4+ 17. Nxd4 Bxe5 18. Bb2 Bxg3 19. Nxe6 fxe6 20. Bg4 Rf5
21. Bxf5 exf5 22. Rfd1 e6 23. Rd3 Bh4 24. Rd6 Kf7 25. Rc1 Nd5 26. Rd7+ Be7 27.
Rxb7 f4 28. Ba3 Kf6 29. Bxe7+ Nxe7 30. Rc4 g5 31. Rcc7 Nd5 32. Rxh7 Rc8 33.
Rh6+ Ke5 34. Rg7 Rc1+ 35. Kh2 Ne3 36. Rxg5+ Kd4 37. h4 Nf1+ 38. Kh3 Ne3 39. Kh2
Nf1+ 1/2-1/2

[Event "Torneo Scheveningen"]
[Site "Torino ITA"]
[Date "2010.01.04"]
[Round "2"]
[White "Mrdja, Milan"]
[Black "Castaldo, Folco"]
[Result "1/2-1/2"]
[WhiteElo "2392"]
[BlackElo "2401"]
[PlyCount "29"]
[EventDate "2010.01.03"]

1. e4 c5 2. Nf3 g6 3. d4 cxd4 4. Nxd4 Nc6 5. Nc3 Bg7 6. Be3 Nf6 7. Bc4 O-O 8.
Bb3 a5 9. a3 Ng4 10. Qxg4 Nxd4 11. Qd1 Nxb3 12. cxb3 d6 13. Bd4 Bxd4 14. Qxd4
Be6 15. b4 1/2-1/2

[Event "Torneo Scheveningen"]
[Site "Torino ITA"]
[Date "2010.01.04"]
[Round "2"]
[White "Naumkin, Igor"]
[Black "Gallucci, Alessio"]
[Result "1-0"]
[WhiteElo "2484"]
[BlackElo "2161"]
[PlyCount "51"]
[EventDate "2010.01.03"]

1. d4 Nf6 2. c4 e6 3. Nf3 d5 4. Nc3 dxc4 5. e3 c5 6. Bxc4 Nc6 7. O-O cxd4 8.
exd4 Be7 9. Bg5 O-O 10. a3 Nd5 11. Bxd5 Bxg5 12. Bxc6 bxc6 13. Ne4 Bf4 14. Qc2
Rb8 15. Rad1 Qd5 16. Nc5 Qf5 17. Qc3 f6 18. b4 Kh8 19. Rfe1 e5 20. Ne4 Qh5 21.
dxe5 fxe5 22. Ng3 Qf7 23. Nxe5 Bxe5 24. Rxe5 Qxf2+ 25. Kh1 Bg4 26. Rg5 1-0

[Event "Torneo Scheveningen"]
[Site "Torino ITA"]
[Date "2010.01.04"]
[Round "2"]
[White "Vuelban, Virgilio"]
[Black "Pulito, Alberto"]
[Result "1/2-1/2"]
[WhiteElo "2353"]
[BlackElo "2283"]
[PlyCount "75"]
[EventDate "2010.01.03"]

1. d4 e6 2. c4 Nf6 3. Nf3 b6 4. Nc3 Bb7 5. a3 d5 6. cxd5 Nxd5 7. Qc2 Nxc3 8.
Qxc3 Bd6 9. g3 Nd7 10. Bg2 Nf6 11. O-O O-O 12. Ne5 Bxg2 13. Kxg2 c5 14. Nc4
cxd4 15. Qxd4 Bc5 16. Qxd8 Rfxd8 17. Bg5 b5 18. Ne5 Rdc8 19. Bxf6 gxf6 20. Nd3
f5 21. Rac1 Bd4 22. f4 Rc4 23. b3 Rcc8 24. Kf3 h5 25. e4 a5 26. a4 bxa4 27.
bxa4 Rab8 28. exf5 exf5 29. Rxc8+ Rxc8 30. Rc1 Re8 31. Re1 Rc8 32. Rc1 Re8 33.
Nc5 Re3+ 34. Kg2 Re2+ 35. Kh3 Ra2 36. Nb7 Rxa4 37. Nd6 Bb2 38. Rc8+ 1/2-1/2

[Event "Torneo Scheveningen"]
[Site "Torino ITA"]
[Date "2010.01.05"]
[Round "3"]
[White "Gallucci, Alessio"]
[Black "Ljubisavljevic, Zivojin Z."]
[Result "1-0"]
[WhiteElo "2161"]
[BlackElo "2296"]
[PlyCount "69"]
[EventDate "2010.01.03"]

1. e4 c5 2. Nf3 Nc6 3. d4 cxd4 4. Nxd4 e5 5. Nb5 a6 6. Nd6+ Bxd6 7. Qxd6 Qf6 8.
Qa3 Nge7 9. Nc3 O-O 10. Be3 d5 11. Nxd5 Nxd5 12. exd5 Nd4 13. Bd3 Bf5 14. Bxd4
exd4 15. O-O-O Rac8 16. Kb1 Rfd8 17. Qb3 Bxd3 18. Rxd3 Qxf2 19. Rhd1 Qxg2 20.
Rxd4 Qxh2 21. c4 h6 22. d6 Rd7 23. Qd3 b5 24. Qf5 Rcd8 25. c5 Qg2 26. Rd5 g6
27. Qe5 Rc8 28. Ka1 Qc2 29. Qd4 a5 30. Qe3 a4 31. Rc1 Qg2 32. Rd2 Qc6 33. Qxh6
a3 34. Rh2 axb2+ 35. Kxb2 1-0

[Event "Torneo Scheveningen"]
[Site "Torino ITA"]
[Date "2010.01.05"]
[Round "3"]
[White "Molina, Fabrizio"]
[Black "Naumkin, Igor"]
[Result "0-1"]
[WhiteElo "2228"]
[BlackElo "2484"]
[PlyCount "58"]
[EventDate "2010.01.03"]

1. Nf3 e6 2. g3 d5 3. d4 Nf6 4. c4 dxc4 5. Qa4+ Nbd7 6. Bg2 a6 7. Nc3 Rb8 8.
Qxc4 b5 9. Qd3 Bb7 10. O-O c5 11. dxc5 Bxc5 12. Bf4 Rc8 13. Rad1 O-O 14. Ng5
Bxg2 15. Kxg2 Qb6 16. Nce4 h6 17. Nxf6+ Nxf6 18. Nh3 Rfd8 19. Qf3 Bd4 20. Bc1
e5 21. e3 Bc5 22. Ng1 Qe6 23. b3 e4 24. Qe2 Nd5 25. Bb2 Rd7 26. Qh5 Bxe3 27.
Qh3 Rc2 28. Qxe6 fxe6 29. Bd4 Bxd4 0-1

[Event "Torneo Scheveningen"]
[Site "Torino ITA"]
[Date "2010.01.05"]
[Round "3"]
[White "Pepino, Enrico"]
[Black "Vuelban, Virgilio"]
[Result "1/2-1/2"]
[WhiteElo "2167"]
[BlackElo "2353"]
[PlyCount "95"]
[EventDate "2010.01.03"]

1. e4 c5 2. Nf3 d6 3. d4 cxd4 4. Nxd4 Nf6 5. Nc3 a6 6. Be3 e6 7. f3 b5 8. Qd2
Nbd7 9. g4 h6 10. O-O-O Bb7 11. h4 b4 12. Na4 Qa5 13. b3 Nc5 14. a3 Nxa4 15.
axb4 Qc7 16. bxa4 d5 17. e5 Nd7 18. f4 Nb6 19. f5 Nxa4 20. fxe6 Nc3 21. exf7+
Kxf7 22. Qf2+ Kg8 23. Bd3 Bxb4 24. Rdf1 Ba3+ 25. Kd2 Ne4+ 26. Bxe4 dxe4 27. g5
Bb4+ 28. Kd1 Rd8 29. Qf5 Bc8 30. e6 Bc3 31. Kc1 Qe7 32. Qf7+ Qxf7 33. exf7+ Kh7
34. Rhg1 hxg5 35. hxg5 Kg6 36. Ne2 Be5 37. Bc5 Rdf8 38. Bxf8 Rxf8 39. Nf4+
Bxf4+ 40. Rxf4 Bf5 41. Kd2 Rxf7 42. Rff1 Rd7+ 43. Ke3 Rc7 44. Ra1 Bc8 45. Kxe4
Rxc2 46. Rgc1 Bb7+ 47. Ke3 Rxc1 48. Rxc1 1/2-1/2

[Event "Torneo Scheveningen"]
[Site "Torino ITA"]
[Date "2010.01.05"]
[Round "3"]
[White "Pulito, Alberto"]
[Black "Mrdja, Milan"]
[Result "0-1"]
[WhiteElo "2283"]
[BlackElo "2392"]
[PlyCount "96"]
[EventDate "2010.01.03"]

1. e4 e6 2. d4 d5 3. e5 c5 4. c3 Nc6 5. Nf3 Bd7 6. Be2 Nge7 7. Na3 cxd4 8. cxd4
Nf5 9. Nc2 Qa5+ 10. Bd2 Qb6 11. Bc3 Be7 12. O-O a5 13. Kh1 h5 14. Ne3 g5 15.
Nxf5 exf5 16. Ne1 O-O-O 17. f4 h4 18. Qd2 gxf4 19. Nd3 h3 20. Nxf4 hxg2+ 21.
Kxg2 Be6 22. Rf3 Bg5 23. Qd3 Bxf4 24. Rxf4 Rdg8+ 25. Kh1 Qd8 26. Qf3 Qg5 27.
Qf2 Qd8 28. Rg1 Ne7 29. Rh4 Rxg1+ 30. Kxg1 Rg8+ 31. Kf1 Ng6 32. Rh5 Kb8 33. Ke1
b6 34. h4 Kb7 35. Rh7 f4 36. Rh5 f3 37. Qxf3 Nxh4 38. Qd3 Ng2+ 39. Kd2 Nf4 40.
Qa6+ Kb8 41. Rh2 Bc8 42. Qb5 Rg6 43. Kc2 Ka7 44. a4 Bf5+ 45. Kb3 Bd7 46. Qa6+
Kb8 47. Rf2 Qh4 48. Bb5 Bc8 0-1

[Event "Torneo Scheveningen"]
[Site "Torino ITA"]
[Date "2010.01.06"]
[Round "4"]
[White "Mrdja, Milan"]
[Black "Pepino, Enrico"]
[Result "1-0"]
[WhiteElo "2392"]
[BlackElo "2167"]
[PlyCount "81"]
[EventDate "2010.01.03"]

1. e4 d6 2. d4 Nf6 3. Nc3 g6 4. g3 Bg7 5. Bg2 O-O 6. Nge2 e5 7. h3 Nc6 8. Be3
exd4 9. Nxd4 Bd7 10. Nde2 Re8 11. g4 Be6 12. O-O h5 13. g5 Nd7 14. f4 Bc4 15.
Re1 Nb6 16. Nd4 d5 17. Nxc6 bxc6 18. Bd4 Qd6 19. e5 Qe7 20. b3 Ba6 21. Qd2 c5
22. Bf2 c6 23. Ne2 Bxe2 24. Rxe2 a5 25. a4 Bf8 26. f5 Qc7 27. Rae1 c4 28. Qe3
c5 29. Qf3 cxb3 30. cxb3 Rad8 31. e6 d4 32. exf7+ Qxf7 33. Rxe8 Rxe8 34. Rxe8
Qxe8 35. Qb7 Nc8 36. Qd5+ Qf7 37. f6 Bd6 38. Qc6 Qf8 39. Bd5+ Kh8 40. Be6 Na7
41. Qd7 1-0

[Event "Torneo Scheveningen"]
[Site "Torino ITA"]
[Date "2010.01.06"]
[Round "4"]
[White "Naumkin, Igor"]
[Black "Castaldo, Folco"]
[Result "1/2-1/2"]
[WhiteElo "2484"]
[BlackElo "2401"]
[PlyCount "42"]
[EventDate "2010.01.03"]

1. d4 e6 2. Nf3 f5 3. Bg5 Be7 4. Bxe7 Qxe7 5. Nbd2 Nf6 6. c3 O-O 7. Qc2 d5 8.
e3 c5 9. h3 Bd7 10. g4 Nc6 11. gxf5 exf5 12. dxc5 Ne4 13. Rh2 f4 14. O-O-O Nxf2
15. Rxf2 fxe3 16. Re2 exd2+ 17. Qxd2 Qxc5 18. Bg2 Rae8 19. Rxe8 Rxe8 20. Qxd5+
Qxd5 21. Rxd5 Re7 1/2-1/2

[Event "Torneo Scheveningen"]
[Site "Torino ITA"]
[Date "2010.01.06"]
[Round "4"]
[White "Voiska, Margarita"]
[Black "Pulito, Alberto"]
[Result "1-0"]
[WhiteElo "2325"]
[BlackElo "2283"]
[PlyCount "39"]
[EventDate "2010.01.03"]

1. Nf3 Nf6 2. d4 e6 3. e3 d5 4. Bd3 Be7 5. O-O O-O 6. Nbd2 b6 7. Ne5 c5 8. b3
Bb7 9. Bb2 Nc6 10. a3 a6 11. f4 b5 12. dxc5 Bxc5 13. Qf3 d4 14. Nxc6 dxe3 15.
Qh3 e2+ 16. Kh1 exf1=Q+ 17. Rxf1 Bxc6 18. Bxf6 Qxd3 19. cxd3 gxf6 20. Rc1 1-0

[Event "Torneo Scheveningen"]
[Site "Torino ITA"]
[Date "2010.01.06"]
[Round "4"]
[White "Vuelban, Virgilio"]
[Black "Gallucci, Alessio"]
[Result "1/2-1/2"]
[WhiteElo "2353"]
[BlackElo "2161"]
[PlyCount "51"]
[EventDate "2010.01.03"]

1. Nf3 c5 2. g3 Nf6 3. Bg2 g6 4. b3 Bg7 5. Bb2 O-O 6. c4 e6 7. O-O d5 8. Qc2 d4
9. b4 Nc6 10. bxc5 e5 11. d3 Nd7 12. Nbd2 f5 13. a4 a5 14. Nb3 Ra6 15. e3 Nb4
16. Qd2 dxe3 17. fxe3 Qc7 18. d4 e4 19. Ne1 b6 20. cxb6 Qxc4 21. Nxa5 Rxa5 22.
Bc3 Nd5 23. Bxa5 Nxe3 24. Bc3 Nxb6 25. a5 Nbd5 26. Bb2 1/2-1/2

[Event "Torneo Scheveningen"]
[Site "Torino ITA"]
[Date "2010.01.06"]
[Round "5"]
[White "Castaldo, Folco"]
[Black "Ljubisavljevic, Zivojin Z."]
[Result "1-0"]
[WhiteElo "2401"]
[BlackElo "2296"]
[PlyCount "61"]
[EventDate "2010.01.03"]

1. e4 c6 2. d4 d5 3. f3 dxe4 4. fxe4 e5 5. Nf3 exd4 6. Bc4 Be6 7. Bxe6 fxe6 8.
O-O Be7 9. Nxd4 Qd6 10. Bf4 e5 11. Qh5+ Qg6 12. Qxg6+ hxg6 13. Bxe5 Bf6 14.
Bxf6 gxf6 15. e5 f5 16. Nd2 Nd7 17. Nc4 Ke7 18. Rad1 Nh6 19. Rfe1 f4 20. Na5
Ng4 21. Nxb7 Rac8 22. Nd6 Rc7 23. Nf3 Ne3 24. Rd2 g5 25. e6 Nc5 26. Nxg5 Rg8
27. Nh3 Nd5 28. c4 Kxd6 29. cxd5 Rf8 30. Nxf4 Rxf4 31. e7 1-0